000 00313nam a2200097Ia 4500
082 _a346.0482096|ACCE
245 0 _aAccess to knowledge in Africa : the role of copyright
100 _a Armstrong, C. , 1965- Claremont [South Africa], 2010
_959089
942 _cBK
008 210817s9999 xx 000 0 und d
999 _c185361
_d185360